00289nam a2200121Ia 450000500170000000800410001708200130005810000170007124500180008826000390010630000120014565000100015720250509052657.0240331s9999 xx 000 0 und d bBALa891 aBalendran, M 0aAmmayee kallu aChennaibThirumahal Nilaiyamc2006 a112 p., aNovel